00706cam a22002057a 4500003000500000005001700005008004100022010001000063011001000073035001000083040000900093100003200102245012700134260004100261300001100302502011300313650002300426650002600449650002500475CHAP20250528135459.0030131d2002 mx r 00110 spa d a86803 a87775 a98319 cCHAP10aAlmazo Domínguez, Ramón10aAnálisis de costos de producción de tortilla con diferentes procesos de elaboraciónc/por Ramón Almazo Domínguez aChapingo, Méx. :bEl autor,c2002. a149 h. aTesis (M.C. en Economía del Desarrollo Rural) -- UACH. División de Ciencias Económico- Administrativas14aMaízxProcesado.14aMaízxSubproductos.14aTortillas de maíz.